| Tag |
First Indicator |
Second Indicator |
Subfields |
| LEADER |
00000cam a22000004a 4500 |
| 001 |
in00002181925 |
| 005 |
20151104060458.0 |
| 008 |
050919s2006 dcu b 001 0 eng |
| 010 |
|
|
|a 2005027235
|
| 015 |
|
|
|a GBA632349
|2 bnb
|
| 016 |
7 |
|
|a 013426896
|2 Uk
|
| 020 |
|
|
|a 1589010825 (pbk. : alk. paper)
|
| 024 |
3 |
|
|a 9781589010826
|
| 035 |
|
|
|a (OCoLC)ocm61731296
|
| 040 |
|
|
|a DLC
|c DLC
|d BAKER
|d UKM
|d C#P
|d UtOrBLW
|
| 042 |
|
|
|a pcc
|
| 043 |
|
|
|a n-us---
|
| 049 |
|
|
|a TXAM
|
| 050 |
0 |
0 |
|a BX1753
|b .H52 2006
|
| 082 |
0 |
0 |
|a 261.8088/28273
|2 22
|
| 100 |
1 |
|
|a Heyer, Kristin E.,
|d 1974-
|
| 245 |
1 |
0 |
|a Prophetic & public :
|b the social witness of U.S. Catholicism /
|c Kristin E. Heyer.
|
| 246 |
3 |
|
|a Prophetic and public
|
| 264 |
|
1 |
|a Washington, D.C. :
|b Georgetown University Press,
|c [2006]
|
| 264 |
|
4 |
|c ©2006
|
| 300 |
|
|
|a xx, 228 pages ;
|c 23 cm.
|
| 336 |
|
|
|a text
|b txt
|2 rdacontent
|
| 337 |
|
|
|a unmediated
|b n
|2 rdamedia
|
| 338 |
|
|
|a volume
|b nc
|2 rdacarrier
|
| 490 |
1 |
|
|a Moral traditions series
|
| 504 |
|
|
|a Includes bibliographical references (pages [215]-218) and index.
|
| 505 |
0 |
|
|a Introduction -- Public theology in contemporary U.S. civil society -- Catholic foundations of public theology and political participation -- Divergences within American Catholic social ethics : J. Bryan Hehir and Michael Baxter, C.S.C. -- Catholic political advocacy in the contemporary U.S. context -- Catholic public theology for the twenty-first century.
|
| 650 |
|
0 |
|a Christian sociology
|x Catholic Church.
|
| 650 |
|
0 |
|a Church and social problems
|z United States.
|
| 650 |
|
0 |
|a Church and social problems
|x Catholic Church.
|
| 830 |
|
0 |
|a Moral traditions series.
|
| 856 |
4 |
1 |
|3 Table of contents
|u http://www.loc.gov/catdir/toc/ecip0519/2005027235.html
|t 0
|
| 938 |
|
|
|a Baker & Taylor
|b BKTY
|c 26.95
|d 26.95
|i 1589010825
|n 0006605942
|s active
|
| 945 |
|
|
|i PromptCat
|
| 947 |
|
|
|a A14834149566
|
| 994 |
|
|
|a 92
|b TXA
|
| 948 |
|
|
|a cataloged
|b h
|c 2006/7/20
|d c
|e rbarron
|f 4:56:30 pm
|
| 999 |
|
|
|a MARS
|
| 999 |
f |
f |
|s 60c95939-b9ec-3bfa-94e6-a16a06e481ab
|i e08c064d-1d59-3705-b4ec-174c2fa89349
|t 0
|
| 952 |
f |
f |
|p normal
|a Texas A&M University
|b College Station
|c Sterling C. Evans Library
|d Evans: Library Stacks
|t 0
|e BX1753 .H52 2006
|h Library of Congress classification
|i unmediated -- volume
|m A14834149566
|
| 998 |
f |
f |
|a BX1753 .H52 2006
|t 0
|l Evans: Library Stacks
|